[Event "Rio de Janeiro State-ch"]
[Site "Rio de Janeiro"]
[Date "2022.04.30"]
[Round "2"]
[White "Pereira, Pedro Nunes"]
[Black "De Oliveira, Sergio Patricio"]
[Result "0-1"]
[WhiteElo "1820"]
[BlackElo "1472"]
[PlyCount "48"]
[EventDate "2022.04.29"]
[EventType "swiss"]
[EventRounds "6"]
[EventCountry "BRA"]
[SourceTitle "EXT 2023"]
[Source "ChessBase"]
[SourceDate "2022.10.05"]
[SourceVersion "1"]
[SourceVersionDate "2022.10.05"]
[SourceQuality "1"]

1. d4 d5 2. Nf3 Nf6 3. Bf4 e6 4. e3 Ne4 5. Nbd2 f5 6. Ne5 Qh4 7. Nxe4 fxe4 8. Be2 Bd6 9. Bh5+ g6 10. Bxg6+ hxg6 11. Nxg6 Qh7 12. Nxh8 Bxf4 13. exf4 Qxh8 14. Qd2 Nc6 15. 0-0-0 Bd7 16. g4 0-0-0 17. h3 Rf8 18. g5 Qh5 19. g6 Rxf4 20. g7 Ne7 21. Rhg1 Ng8 22. Rg4 Rxg4 23. hxg4 Qxg4 24. Rg1 Qxg1+ 0-1

[Event "Rio de Janeiro op"]
[Site "Rio de Janeiro"]
[Date "2022.04.21"]
[Round "2"]
[White "Almeida, Gianluca Jorio"]
[Black "Pereira, Pedro Nunes"]
[Result "1-0"]
[WhiteElo "2112"]
[BlackElo "1820"]
[PlyCount "59"]
[EventDate "2022.04.21"]
[EventType "swiss"]
[EventRounds "6"]
[EventCountry "BRA"]
[SourceTitle "CBM 207 Extra"]
[Source "ChessBase"]
[SourceDate "2022.05.31"]
[SourceVersion "1"]
[SourceVersionDate "2022.05.31"]
[SourceQuality "1"]

1. c4 c6 2. Nf3 d5 3. e3 Nf6 4. Nc3 Bg4 5. cxd5 Bxf3 6. Qxf3 cxd5 7. d4 e6 8. Bd3 Nc6 9. 0-0 Bd6 10. Qh3 a6 11. Re1 b5 12. e4 dxe4 13. Nxe4 Nxd4 14. Be3 Nf5 15. Nxf6+ Qxf6 16. Bxf5 Qxf5 17. Qxf5 exf5 18. Bc5+ Kd7 19. Rad1 Kc6 20. Bxd6 Rhe8 21. Bb4 a5 22. Rxe8 Rxe8 23. Bxa5 Re2 24. Bc3 g6 25. Kf1 Re4 26. Rd4 Re7 27. Bb4 Ra7 28. Rd6+ Kc7 29. a3 Ra4 30. Rf6 1-0

[Event "Cinelandia Cortinhas Memorial 4th"]
[Site "Rio de Janeiro"]
[Date "2022.03.19"]
[Round "6"]
[White "Pereira, Pedro Nunes"]
[Black "Reboredo, Maximiano Goncalves"]
[Result "1-0"]
[WhiteElo "1820"]
[BlackElo "2020"]
[PlyCount "59"]
[EventDate "2022.03.12"]
[EventType "swiss"]
[EventRounds "6"]
[EventCountry "BRA"]
[SourceTitle "EXT 2023"]
[Source "ChessBase"]
[SourceDate "2022.10.05"]
[SourceVersion "1"]
[SourceVersionDate "2022.10.05"]
[SourceQuality "1"]

1. d4 Nf6 2. Nf3 d5 3. Bf4 e6 4. e3 Bd6 5. Bxd6 Qxd6 6. a3 0-0 7. c4 dxc4 8. Bxc4 Nc6 9. 0-0 Qd8 10. Nc3 a6 11. b4 b5 12. Bb3 Bb7 13. Rc1 Ne7 14. Ne5 Ned5 15. Nxd5 Nxd5 16. Nc6 Qd6 17. Bxd5 Qxd5 18. Ne7+ Kh8 19. Nxd5 Bxd5 20. Rxc7 Bc4 21. Qf3 f6 22. Rc1 Rad8 23. h3 e5 24. dxe5 fxe5 25. Qg3 Rg8 26. Qxe5 Rd5 27. Qe7 Rd3 28. Ra1 h6 29. a4 bxa4 30. Rxc4 1-0